000 00539nam a2200169Ia 4500
008 220216s9999 xx 000 0 und d
100 _aNazeer M.A.
245 0 _aEvaluation of certain primary and secondary Hevea clones in large scale trial
260 _bPlacrosym VIII, 1988, Cochin, India. Journal of Plantation Crops, 18 (Supplement): 11-16.
_c1991
650 _aClone
650 _aClone evaluation
650 _aPrimary clone
700 _aGeorge P.J.
700 _aMarattukalam J.G.
700 _aPremakumari D.
942 _cBS
999 _c49376
_d49376